Grigory Rasputin : (Record no. 3464)

MARC details
000 -LEADER
fixed length control field 01181nam a22003137a 4500
001 - CONTROL NUMBER
control field 3464
003 - CONTROL NUMBER IDENTIFIER
control field FISKH
005 - DATE AND TIME OF LATEST TRANSACTION
control field 20260305081718.0
008 - FIXED-LENGTH DATA ELEMENTS--GENERAL INFORMATION
fixed length control field 240307b cb ||||| |||| 00| 0 eng d
020 ## - INTERNATIONAL STANDARD BOOK NUMBER
International Standard Book Number 9780531138960
040 ## - CATALOGING SOURCE
Original cataloging agency FISKH
Language of cataloging eng
Transcribing agency FISKH
Modifying agency FISKH
050 ## - LIBRARY OF CONGRESS CALL NUMBER
Classification number DK254.R3
082 ## - DEWEY DECIMAL CLASSIFICATION NUMBER
Classification number 947.08
100 ## - MAIN ENTRY--PERSONAL NAME
Personal name Goldberg , Enid A.
Dates associated with a name 1931-2019
245 ## - TITLE STATEMENT
Title Grigory Rasputin :
Statement of responsibility, etc. Holy man or mad monk? /
Remainder of title by Enid A. Goldberg &, Norman Itzkowitz
260 ## - PUBLICATION, DISTRIBUTION, ETC.
Place of publication, distribution, etc. New York :
Name of publisher, distributor, etc. Scholastic,
Date of publication, distribution, etc. 2008 .
300 ## - PHYSICAL DESCRIPTION
Extent 128 pages :
Other physical details illustrations,
Dimensions 18 cm .
490 ## - SERIES STATEMENT
Series statement A Wicked History
505 ## - FORMATTED CONTENTS NOTE
Formatted contents note S <br/>
520 ## - SUMMARY, ETC.
Summary, etc. An introduction to the life of Grigory Rasputin, who claimed to have mystical, God-given powers--and the rulers of early twentieth-century Russia believed him.
521 8# - TARGET AUDIENCE NOTE
Target audience note 800 <br/>
Source Lexiles estimate <br/>
521 8# - TARGET AUDIENCE NOTE
Target audience note S <br/>
Source Raz-Plus <br/>
650 ## - SUBJECT ADDED ENTRY--TOPICAL TERM
Topical term or geographic name entry element Rasputin , Grigori Efimovich , ca. 1870-1916
Form subdivision Juvenile Literature
650 ## - SUBJECT ADDED ENTRY--TOPICAL TERM
Topical term or geographic name entry element Russia-Court and courtiers- Biography
Form subdivision Juvenile Literature
650 ## - SUBJECT ADDED ENTRY--TOPICAL TERM
Topical term or geographic name entry element Russia-History-Nicholas II , 1894-1917
Form subdivision Juvenile Literature
700 ## - ADDED ENTRY--PERSONAL NAME
Personal name Olson , Tod
Relator term Series Editor
942 ## - ADDED ENTRY ELEMENTS (KOHA)
Source of classification or shelving scheme Dewey Decimal Classification
Koha item type Books
Suppress in OPAC No
Holdings
Withdrawn status Lost status Source of classification or shelving scheme Damaged status Not for loan Collection Home library Current library Shelving location Date acquired Total Checkouts Full call number Barcode Date last seen Date last checked out Copy number Price effective from Koha item type
    Dewey Decimal Classification     Non-Fiction Footprints International School Library Network Toul Tom Poung Campus Footprints International School Library Network Toul Tom Poung Campus TTP Secondary Non-Fiction Bookshelves 03/07/2024 2 ITZ DK254.R3 947.08 2024-0281 02/27/2026 02/02/2026 1 03/07/2024 Books